000 00609nam a2200241Ia 4500
003 OSt
005 20220924134740.0
006 a|||||r|||| 00| 0
007 ta
008 220923b |||||||| |||| 00| 0 tam d
024 _a286567
037 _cTextual
040 _aARTS
_cARTS
_btam
041 _2tam
_atam
082 _aV2134,1.L, 31K0
100 _aParanthaman A.K.
_9209138
245 0 _aMadhurai Nayakkar Varalaaru
260 _c1960
300 _a491p.
_ccm.
650 _aHISTORY
942 _hV2134,1.L, 31K0
_cTEXL
_2CC
999 _c438407
_d438407